Safari cinta seorang ekspatriat

Bibliographic Details
Main Author: Syed Mahadzir
Format: Book
Published: Selangor : Pekan Ilmu Publication , 2007
Subjects:

MARC

LEADER 00000cam a2200000 7i4500
001 0000028521
005 20091210.0
008 091210
020 |a 9832567660 
090 0 0 |a SYE   |b MAL 
100 0 |a Syed Mahadzir 
245 1 0 |a Safari cinta seorang ekspatriat   |c Syed Mahadzir 
260 |a Selangor :   |b Pekan Ilmu Publication ,   |c 2007 
650 0 |a Malay fiction 
999 |a 0001055944   |b Book   |c Adult Collection   |e Perbadanan Perpustakaan Awam Johor